[Event "Women Team Championship Preliminaries"]
[Site "Mulhouse"]
[Date "2016.05.07"]
[Round "3.3"]
[White "Safranska, Anda"]
[Black "Ionutiu, Adela"]
[Result "1-0"]
[WhiteElo "2223"]
[BlackElo "1950"]
[PlyCount "93"]
[EventDate "2016.05.05"]
[EventType "team"]
[EventRounds "5"]
[EventCountry "FRA"]
[WhiteTeam "Evry"]
[BlackTeam "Villepinte"]

1. e4 c5 2. d3 d6 3. g3 Nf6 4. Bg2 Nc6 5. h3 Qc7 6. c3 e5 7. Ne2 Be7 8. O-O Bd7
9. a3 O-O 10. Be3 Rad8 11. d4 cxd4 12. cxd4 Na5 13. Nbc3 Nc4 14. Bc1 b5 15. b3
exd4 16. Qxd4 Na5 17. Rb1 Nc6 18. Qd1 a6 19. Bg5 Qc8 20. g4 Be6 21. Bxf6 Bxf6
22. Nd5 Bxd5 23. Qxd5 Qd7 24. Rfd1 Ne7 25. Qd2 Ng6 26. Rbc1 Nh4 27. Bh1 h6 28.
Rc2 Rc8 29. Rdc1 Rxc2 30. Qxc2 Rd8 31. Rd1 h5 32. f3 hxg4 33. hxg4 Qa7+ 34. Kf1
Qe3 35. Rd3 Qh6 36. Kg1 Be5 37. Qd2 g5 38. Nd4 Rc8 39. Rc3 Rxc3 40. Qxc3 Nf5
41. Qc8+ Kh7 42. Qxf5+ Kg7 43. Qxe5+ dxe5 44. Nf5+ Kg6 45. Nxh6 Kxh6 46. Kf2
Kg6 47. Bg2 1-0

[Event "Women Team Championship Preliminaries"]
[Site "Mulhouse"]
[Date "2016.05.07"]
[Round "3.4"]
[White "Dieuleveut, Floriane"]
[Black "Huisman, Chloe"]
[Result "0-1"]
[WhiteElo "1816"]
[BlackElo "1948"]
[PlyCount "62"]
[EventDate "2016.05.05"]
[EventType "team"]
[EventRounds "5"]
[EventCountry "FRA"]
[WhiteTeam "Villepinte"]
[BlackTeam "Evry"]

1. e4 d5 2. exd5 Qxd5 3. Nc3 Qd6 4. Bc4 Nf6 5. d3 a6 6. Nge2 b5 7. Bb3 Bb7 8.
f3 Qb6 9. Ng3 e6 10. Nce4 Be7 11. Qe2 Nd5 12. Nh5 O-O 13. f4 Nd7 14. Bd2 Nc5
15. Nxc5 Bxc5 16. O-O-O Ne3 17. Rde1 Nf5 18. c3 b4 19. Rhf1 Bd5 20. Bxd5 exd5
21. g4 bxc3 22. Bxc3 d4 23. gxf5 dxc3 24. bxc3 Ba3+ 25. Kd2 Qb2+ 26. Ke3 Rae8+
27. Kf3 Rxe2 28. Rxe2 Qxc3 29. Rg1 Qxd3+ 30. Re3 Qd5+ 31. Ke2 Qxa2+ 0-1

[Event "Women Team Championship Preliminaries"]
[Site "Mulhouse"]
[Date "2016.05.07"]
[Round "3.1"]
[White "Cramling, Pia"]
[Black "Heinemann, Josefine"]
[Result "1-0"]
[WhiteElo "2471"]
[BlackElo "2221"]
[PlyCount "67"]
[EventDate "2016.05.05"]
[EventType "team"]
[EventRounds "5"]
[EventCountry "FRA"]
[WhiteTeam "Monaco"]
[BlackTeam "Clichy"]

1. Nf3 g6 2. e4 c5 3. d4 cxd4 4. Nxd4 Nc6 5. c4 Bg7 6. Be3 Nf6 7. Nc3 O-O 8.
Be2 d6 9. O-O Bd7 10. Qd2 Ng4 11. Bxg4 Bxg4 12. Rac1 a6 13. Nd5 Rc8 14. f3 Nxd4
15. Bxd4 Bxd4+ 16. Qxd4 Be6 17. b4 Bxd5 18. exd5 a5 19. a3 Qd7 20. Rfe1 Rfe8
21. h4 axb4 22. axb4 e5 23. dxe6 Rxe6 24. Rcd1 Qe7 25. Kf2 h5 26. Qf4 Re8 27.
Rxe6 Qxe6 28. Kg3 Rc8 29. Qxd6 Qxc4 30. Rd5 Qa2 31. Qe5 Qc4 32. b5 Qc7 33. Rd6
Rd8 34. Rxg6+ 1-0

[Event "Women Team Championship Preliminaries"]
[Site "Mulhouse"]
[Date "2016.05.07"]
[Round "3.2"]
[White "Afraoui, Anaelle"]
[Black "Chung, Mathilde"]
[Result "0-1"]
[WhiteElo "1952"]
[BlackElo "2165"]
[PlyCount "112"]
[EventDate "2016.05.05"]
[EventType "team"]
[EventRounds "5"]
[EventCountry "FRA"]
[WhiteTeam "Clichy"]
[BlackTeam "Monaco"]

1. e4 e6 2. d4 d5 3. Nc3 Nf6 4. e5 Nfd7 5. f4 c5 6. Nf3 Nc6 7. Be3 a6 8. Qd2 b5
9. Be2 Bb7 10. O-O Be7 11. Nd1 Qc7 12. c3 b4 13. dxc5 Nxc5 14. cxb4 Ne4 15. Qc2
Bxb4 16. Bd3 Ba5 17. Rc1 Qd7 18. Bxe4 dxe4 19. Qxe4 Nb4 20. Qd4 Nxa2 21. Ra1
Bd5 22. Nc3 Nxc3 23. bxc3 Bd8 24. c4 Bc6 25. Qc3 O-O 26. Rfd1 Qc7 27. Nd4 Be7
28. c5 Rfc8 29. Rdc1 Qd7 30. Rab1 Rab8 31. Qa5 Qd5 32. Nxc6 Qxc6 33. Rb6 Qe4
34. Qa3 Rxb6 35. cxb6 Bxa3 36. Rxc8+ Bf8 37. Kf2 Qb7 38. Rc7 Qb8 39. Ra7 h6 40.
Rxa6 Qc8 41. Ra2 Bc5 42. Re2 Qc6 43. Bxc5 Qxc5+ 44. Kf3 Qxb6 45. h3 Kh7 46. g4
Qb3+ 47. Re3 Qd5+ 48. Kg3 g5 49. h4 Qd4 50. Rf3 gxf4+ 51. Rxf4 Qxe5 52. Kf3
Qc3+ 53. Ke4 Kg6 54. g5 hxg5 55. hxg5 Qc4+ 56. Ke3 Qc5+ 0-1

[Event "Women Team Championship Preliminaries"]
[Site "Mulhouse"]
[Date "2016.05.07"]
[Round "3.3"]
[White "Berezovska, Svetlana"]
[Black "Bonvalot, Isabelle"]
[Result "0-1"]
[WhiteElo "1823"]
[BlackElo "1908"]
[PlyCount "54"]
[EventDate "2016.05.05"]
[EventType "team"]
[EventRounds "5"]
[EventCountry "FRA"]
[WhiteTeam "Monaco"]
[BlackTeam "Clichy"]

1. e4 g6 2. d4 Bg7 3. Nc3 a6 4. Be3 b5 5. Qd2 d6 6. f3 Nd7 7. Nge2 Bb7 8. g3 c5
9. Bg2 Rc8 10. O-O cxd4 11. Bxd4 Ngf6 12. Bh3 h5 13. Be3 h4 14. Kg2 Rc6 15. Nd4
Rc7 16. Rad1 Ne5 17. b3 hxg3 18. hxg3 Rxh3 19. Kxh3 Qc8+ 20. Kg2 Rxc3 21. Bh6
Nxf3 22. Rxf3 Nxe4 23. Qf4 Rxf3 24. Nxf3 Bxh6 25. Qxh6 Qxc2+ 26. Kh3 Nf2+ 27.
Kh4 Qxd1 0-1

[Event "Women Team Championship Preliminaries"]
[Site "Mulhouse"]
[Date "2016.05.07"]
[Round "3.4"]
[White "Milroy, Melena"]
[Black "Lomandong, Noela-Joyce"]
[Result "0-1"]
[WhiteElo "1510"]
[BlackElo "1807"]
[PlyCount "92"]
[EventDate "2016.05.05"]
[EventType "team"]
[EventRounds "5"]
[EventCountry "FRA"]
[WhiteTeam "Clichy"]
[BlackTeam "Monaco"]

1. e4 g6 2. Nc3 Bg7 3. f4 c6 4. Nf3 d5 5. d3 b5 6. Be2 b4 7. Nb1 Nf6 8. Nbd2
Qb6 9. h3 O-O 10. g4 Bxg4 11. hxg4 Nxg4 12. Nf1 Qf2+ 13. Kd2 dxe4 14. Rg1 e3+
15. Nxe3 Qxe3+ 16. Ke1 Qf2+ 17. Kd2 Nh2 18. Nxh2 Qxf4+ 19. Ke1 Qxh2 20. Be3
Bxb2 21. Rb1 Bc3+ 22. Kf1 Nd7 23. Bf3 Qh3+ 24. Ke2 Ne5 25. Rf1 Nxf3 26. Rxf3
Qh2+ 27. Bf2 a5 28. Qc1 Rad8 29. Qf1 Bd4 30. Re1 Bxf2 31. Rxf2 Qe5+ 32. Kd1
Qa1+ 33. Kd2 Qc3+ 34. Kd1 c5 35. Rxe7 Qa1+ 36. Kd2 Qxa2 37. Rf4 b3 38. Qd1 b2
39. Rb7 Qa1 40. Rf1 Qxd1+ 41. Rxd1 Rb8 42. Rxb8 Rxb8 43. Rb1 a4 44. c3 a3 45.
Kc2 Kg7 46. c4 h5 0-1

[Event "Women Team Championship Preliminaries"]
[Site "Mulhouse"]
[Date "2016.05.07"]
[Round "4.1"]
[White "Haast, Anne"]
[Black "Madl, Ildiko"]
[Result "1/2-1/2"]
[WhiteElo "2309"]
[BlackElo "2321"]
[PlyCount "80"]
[EventDate "2016.05.05"]
[EventType "team"]
[EventRounds "5"]
[EventCountry "FRA"]
[WhiteTeam "Cannes"]
[BlackTeam "Juvisy  sur Orge"]

1. e4 c5 2. Nf3 d6 3. d4 cxd4 4. Nxd4 Nf6 5. Nc3 Nc6 6. Bg5 e6 7. Qd2 a6 8.
O-O-O h6 9. Nxc6 bxc6 10. Bf4 d5 11. Qe3 Bb4 12. Be2 O-O 13. e5 Nh7 14. h4 Qa5
15. Rh3 Bc5 16. Qf3 f6 17. Qg3 Bxf2 18. Qg6 Ra7 19. Bd3 f5 20. g4 d4 21. gxf5
exf5 22. Bc4+ Kh8 23. Ne2 Qc5 24. Bb3 a5 25. Qd6 Qxd6 26. exd6 Nf6 27. Nxd4 Bd7
28. h5 Re8 29. c3 c5 30. Nc2 Re4 31. Rf3 Bh4 32. Be3 a4 33. Bf7 Bg5 34. Bg6
Rxe3 35. Nxe3 Ng4 36. Re1 Ne5 37. Rff1 Nc4 38. Rf3 Ne5 39. Rff1 Nc4 40. Rf3 Ne5
1/2-1/2

[Event "Women Team Championship Preliminaries"]
[Site "Mulhouse"]
[Date "2016.05.07"]
[Round "4.2"]
[White "Lam, Sophie"]
[Black "Bnesdorp-Delabaca, Marlies"]
[Result "0-1"]
[WhiteElo "2097"]
[BlackElo "2223"]
[PlyCount "70"]
[EventDate "2016.05.05"]
[EventType "team"]
[EventRounds "5"]
[EventCountry "FRA"]
[WhiteTeam "Juvisy sur Orge"]
[BlackTeam "Cannes"]

1. e4 e6 2. d4 d5 3. Nd2 Nc6 4. Ngf3 Nf6 5. e5 Nd7 6. c3 f6 7. exf6 Qxf6 8. Bb5
a6 9. Ba4 Bd6 10. Nf1 O-O 11. Bb3 Kh8 12. Be3 Na5 13. Bc2 e5 14. dxe5 Nxe5 15.
Nxe5 Qxe5 16. Qe2 Nc4 17. O-O-O Bf5 18. Bxf5 Qxf5 19. Nd2 Na3 20. Ne4 Qxe4 21.
bxa3 Bxa3+ 22. Kd2 Rae8 23. Rhe1 Re6 24. g3 Qa4 25. Qd3 Be7 26. Qc2 Qd7 27. Kc1
c5 28. Qb2 Rc8 29. Kb1 Bf6 30. Bf4 d4 31. Qc2 Rxe1 32. Rxe1 dxc3 33. Re2 Qb5+
34. Kc1 Rd8 35. Be5 Bxe5 0-1

[Event "Women Team Championship Preliminaries"]
[Site "Mulhouse"]
[Date "2016.05.07"]
[Round "4.3"]
[White "Verot, Melanie"]
[Black "Rasinaru, Alina"]
[Result "1-0"]
[WhiteElo "2042"]
[BlackElo "1941"]
[PlyCount "91"]
[EventDate "2016.05.05"]
[EventType "team"]
[EventRounds "5"]
[EventCountry "FRA"]
[WhiteTeam "Cannes"]
[BlackTeam "Juvisy sur Orge"]

1. d4 d5 2. c4 e6 3. Nc3 Nf6 4. cxd5 exd5 5. Bg5 Be7 6. e3 c6 7. Bd3 O-O 8.
Nge2 Re8 9. O-O Nbd7 10. f3 Nf8 11. Bh4 Ne6 12. Bf2 c5 13. Rc1 cxd4 14. exd4
Bd6 15. Qb3 Nf4 16. Nxf4 Bxf4 17. Rce1 Be6 18. Be3 Qd6 19. Bxf4 Qxf4 20. Ne2
Qe3+ 21. Kh1 Bd7 22. Qd1 g6 23. Bb1 Qh6 24. Nc3 Bc6 25. Re5 Nh5 26. Rfe1 Rxe5
27. Rxe5 Rd8 28. a4 Nf6 29. Ba2 Qf4 30. g3 Qh6 31. Kg2 Bd7 32. h4 Be6 33. Qe1
Rd6 34. g4 Qf4 35. Ne2 Qh6 36. g5 Qg7 37. gxf6 Qxf6 38. Qg3 Rb6 39. Bxd5 Rxb2
40. Bxe6 fxe6 41. Qg4 Kf7 42. Re4 h5 43. Qg3 Qe7 44. d5 e5 45. Qxe5 Qa3 46.
Rf4+ 1-0

[Event "Women Team Championship Preliminaries"]
[Site "Mulhouse"]
[Date "2016.05.07"]
[Round "4.4"]
[White "Millet, Maud"]
[Black "Gras, Delphine"]
[Result "1-0"]
[WhiteElo "1977"]
[BlackElo "1942"]
[PlyCount "71"]
[EventDate "2016.05.05"]
[EventType "team"]
[EventRounds "5"]
[EventCountry "FRA"]
[WhiteTeam "Juvisy sur Orge"]
[BlackTeam "Cannes"]

1. b3 e5 2. Bb2 Nc6 3. e3 Nf6 4. Bb5 Bd6 5. Ne2 a6 6. Bxc6 dxc6 7. d3 O-O 8.
Nd2 Re8 9. O-O Bg4 10. f3 Bh5 11. c3 Nd5 12. Nc4 Qg5 13. e4 Ne3 14. Nxe3 Qxe3+
15. Kh1 Qb6 16. Qc2 a5 17. a4 f6 18. Rab1 Red8 19. Ng3 Bf7 20. Bc1 Bc5 21. Nf5
Be6 22. f4 Bxf5 23. exf5 exf4 24. Bxf4 Bd6 25. Rbe1 Bxf4 26. Rxf4 Qc5 27. d4
Qd6 28. Rfe4 Qd7 29. Re7 Re8 30. R7e6 Kf8 31. Qe4 Rad8 32. h3 Kf7 33. Qh4 Kf8
34. Qxh7 Kf7 35. Rxf6+ Kxf6 36. Qg6# 1-0

[Event "Women Team Championship Preliminaries"]
[Site "Mulhouse"]
[Date "2016.05.07"]
[Round "4.1"]
[White "Javakhisvili, Lela"]
[Black "Doluhanova, Evgenyia"]
[Result "1-0"]
[WhiteElo "2493"]
[BlackElo "2262"]
[PlyCount "99"]
[EventDate "2016.05.05"]
[EventType "team"]
[EventRounds "5"]
[EventCountry "FRA"]
[WhiteTeam "Bischwiller"]
[BlackTeam "Vandoeuvre"]

1. d4 Nf6 2. c4 e6 3. Nf3 Bb4+ 4. Nbd2 b6 5. a3 Bxd2+ 6. Qxd2 O-O 7. e3 Ba6 8.
b4 d5 9. b5 Bb7 10. a4 c5 11. cxd5 Bxd5 12. Be2 Nbd7 13. O-O Ne4 14. Qb2 Rc8
15. Nd2 cxd4 16. Nxe4 Bxe4 17. Qxd4 Nc5 18. Ra3 Qxd4 19. exd4 Nb7 20. Re3 Bd5
21. Ba3 Rfd8 22. Rc1 Rxc1+ 23. Bxc1 Rc8 24. Ba3 Na5 25. h4 h6 26. Bb4 Rc2 27.
Bd6 Ra2 28. Bb8 Nb3 29. Bxa7 Nxd4 30. Bd1 Ra1 31. Rd3 Nxb5 32. Bxb6 Nd6 33. Kh2
Ne4 34. a5 Ra2 35. f3 Nd2 36. Rc3 Nc4 37. Bb3 Ra3 38. Bd4 Rxa5 39. Bxc4 Ra4 40.
Bd3 f5 41. Rc8+ Kh7 42. Bf2 Ra2 43. Bc2 g5 44. h5 Kg7 45. Bd4+ Kf7 46. Rc7+ Ke8
47. Bg7 g4 48. fxg4 fxg4 49. Bxh6 Kd8 50. Bf4 1-0

[Event "Women Team Championship Preliminaries"]
[Site "Mulhouse"]
[Date "2016.05.07"]
[Round "4.2"]
[White "Steil-Antoni, Fiona"]
[Black "Maisuradze, Nino"]
[Result "1/2-1/2"]
[WhiteElo "2185"]
[BlackElo "2239"]
[PlyCount "56"]
[EventDate "2016.05.05"]
[EventType "team"]
[EventRounds "5"]
[EventCountry "FRA"]
[WhiteTeam "Vandoeuvre"]
[BlackTeam "Nino"]

1. e4 c5 2. Nc3 e6 3. g3 Nc6 4. Bg2 g6 5. f4 Bg7 6. Nf3 d6 7. d3 Nge7 8. O-O
O-O 9. Ne2 e5 10. c3 Kh8 11. Be3 exf4 12. Nxf4 Ne5 13. Nxe5 dxe5 14. Nd5 Qd6
15. Qb3 Be6 16. Qa3 b6 17. d4 exd4 18. cxd4 Nxd5 19. exd5 Bxd5 20. dxc5 Qc6 21.
Bxd5 Qxd5 22. cxb6 axb6 23. Qb3 Qxb3 24. axb3 Rxa1 25. Rxa1 Rb8 26. Ra2 b5 27.
b4 h5 28. b3 Be5 1/2-1/2

[Event "Women Team Championship Preliminaries"]
[Site "Mulhouse"]
[Date "2016.05.07"]
[Round "4.3"]
[White "Fischer, Julie"]
[Black "Leclair, Marie"]
[Result "1-0"]
[WhiteElo "2007"]
[BlackElo "1953"]
[PlyCount "131"]
[EventDate "2016.05.05"]
[EventType "team"]
[EventRounds "5"]
[EventCountry "FRA"]
[WhiteTeam "Bischwiller"]
[BlackTeam "Vandoeuvre"]

1. e4 c5 2. Nc3 e6 3. g3 g6 4. Bg2 Bg7 5. f4 Ne7 6. d3 Nbc6 7. Nf3 O-O 8. O-O
d6 9. Kh1 a6 10. Be3 f5 11. Qd2 Qc7 12. Rad1 Bd7 13. d4 cxd4 14. Nxd4 Rad8 15.
exf5 exf5 16. Nf3 Be6 17. Ng5 Bc4 18. Rfe1 h6 19. Nd5 Bxd5 20. Bxd5+ Nxd5 21.
Qxd5+ Kh8 22. Ne6 Qf7 23. Nxf8 Qxd5+ 24. Rxd5 Bxf8 25. c3 Kg7 26. Kg2 Kf7 27.
Kf3 Ne7 28. Rd3 Ng8 29. Bd4 Nf6 30. Bxf6 Kxf6 31. Rd5 Kf7 32. Re3 Rc8 33. Ke2
Rc6 34. Kd3 Rb6 35. b4 Rc6 36. c4 Rc7 37. Re2 Be7 38. a4 b6 39. a5 Rb7 40. b5
axb5 41. Rxb5 Bd8 42. Reb2 Ke6 43. Rd5 Bc7 44. Rdb5 Kd7 45. Re2 Rb8 46. Kd4
bxa5 47. Rxb8 Bxb8 48. Kd5 Ba7 49. Re6 Bc5 50. Rxg6 a4 51. Rxh6 a3 52. Rh8 Kc7
53. Ra8 Kd7 54. h3 Ke7 55. g4 fxg4 56. hxg4 Kf6 57. Ke4 Ke6 58. g5 Kf7 59. f5
Bb4 60. Kd3 Bc5 61. Kc3 Ke7 62. Kb3 Be3 63. g6 Kf6 64. Rf8+ Kg7 65. Rf7+ Kg8
66. Kxa3 1-0

[Event "Women Team Championship Preliminaries"]
[Site "Mulhouse"]
[Date "2016.05.07"]
[Round "4.4"]
[White "Sidibe, Malika"]
[Black "Bellahcene, Meriem"]
[Result "1-0"]
[WhiteElo "1760"]
[BlackElo "1858"]
[PlyCount "115"]
[EventDate "2016.05.05"]
[EventType "team"]
[EventRounds "5"]
[EventCountry "FRA"]
[WhiteTeam "Vandoeuvre"]
[BlackTeam "Bischwiller"]

1. Nf3 c5 2. c4 Nc6 3. b3 d6 4. Bb2 e5 5. Nc3 g6 6. e3 Bg7 7. d3 Nge7 8. Be2
O-O 9. O-O Be6 10. Re1 d5 11. cxd5 Nxd5 12. Rc1 b6 13. Qd2 Qe7 14. Nxd5 Bxd5
15. Bc3 Rad8 16. Qb2 Rfe8 17. e4 Be6 18. Nxe5 Nxe5 19. Bxe5 Bxe5 20. Qxe5 Rd4
21. Qg3 Bc8 22. Rc4 Red8 23. f4 Qd6 24. Qf2 Ba6 25. Rxd4 Qxd4 26. Qxd4 Rxd4 27.
Rd1 Kf8 28. g3 Ke7 29. Kf2 Kd6 30. Ke3 f6 31. g4 Ke7 32. Rc1 Bb5 33. g5 a5 34.
h4 Rd8 35. Rh1 Rf8 36. Rg1 Bc6 37. gxf6+ Rxf6 38. h5 Kf7 39. hxg6+ hxg6 40. Rg5
Kg7 41. f5 Kh6 42. Rxg6+ Rxg6 43. fxg6 Kxg6 44. d4 cxd4+ 45. Kxd4 Kf6 46. Bc4
Bb7 47. Bd5 Ba6 48. a3 Bf1 49. Bc4 Bh3 50. Kd5 b5 51. Bxb5 Be6+ 52. Kd6 Bxb3
53. e5+ Kf5 54. Bd7+ Ke4 55. e6 Kd4 56. e7 Bf7 57. a4 Kc4 58. Be6+ 1-0

[Event "Women Team Championship Preliminaries"]
[Site "Mulhouse"]
[Date "2016.05.07"]
[Round "4.1"]
[White "Daulyte, Deimante"]
[Black "Leriche, Ines"]
[Result "1-0"]
[WhiteElo "2392"]
[BlackElo "1912"]
[PlyCount "77"]
[EventDate "2016.05.05"]
[EventType "team"]
[EventRounds "5"]
[EventCountry "FRA"]
[WhiteTeam "Montpellier"]
[BlackTeam "Poitiers-Migne"]

1. e4 c5 2. Nf3 g6 3. d4 cxd4 4. Nxd4 Nc6 5. Nc3 Bg7 6. Be3 Nf6 7. Bc4 Qa5 8.
O-O O-O 9. Bb3 d6 10. h3 Bd7 11. Re1 Nxd4 12. Bxd4 Bc6 13. Nd5 Bxd5 14. exd5
Rfe8 15. c4 Nd7 16. Bxg7 Kxg7 17. Ba4 Rad8 18. b4 Qc7 19. Rc1 e5 20. c5 Re7 21.
Bxd7 Rexd7 22. c6 bxc6 23. dxc6 Re7 24. Qd5 f5 25. a4 e4 26. b5 Qb6 27. Red1
Qa5 28. Qd4+ Kg8 29. Qf6 Qc7 30. a5 Rf7 31. Qe6 Kg7 32. Qa2 Rb8 33. Rd5 f4 34.
Qb2+ Kg8 35. Qd4 Qxa5 36. Rxd6 Rxb5 37. Rd8+ Rf8 38. Rxf8+ Kxf8 39. c7 1-0

[Event "Women Team Championship Preliminaries"]
[Site "Mulhouse"]
[Date "2016.05.07"]
[Round "4.2"]
[White "Marchais, Aurelie"]
[Black "Vojinovic, Jovana"]
[Result "0-1"]
[WhiteElo "1782"]
[BlackElo "2344"]
[PlyCount "54"]
[EventDate "2016.05.05"]
[EventType "team"]
[EventRounds "5"]
[EventCountry "FRA"]
[WhiteTeam "Poitiers-Migne"]
[BlackTeam "Montpellier"]

1. d4 f5 2. Nf3 Nf6 3. Bg5 e6 4. Nbd2 d5 5. e3 Be7 6. Be2 Nc6 7. O-O O-O 8. c4
h6 9. Bxf6 Bxf6 10. Rb1 Qd6 11. a3 Bd7 12. b4 a6 13. Qb3 Kh7 14. a4 Be8 15. b5
Na5 16. Qc3 axb5 17. axb5 Bh5 18. c5 Qe7 19. Ra1 b6 20. Nb3 Nxb3 21. Qxb3 Bxf3
22. Bxf3 bxc5 23. Rxa8 Rxa8 24. dxc5 Qxc5 25. g3 Ra3 26. Qb1 Qc4 27. Qc1 Rc3
0-1

[Event "Women Team Championship Preliminaries"]
[Site "Mulhouse"]
[Date "2016.05.07"]
[Round "4.3"]
[White "Hamdouchi, Adina-Maria"]
[Black "Sommer, Hannah"]
[Result "1-0"]
[WhiteElo "2209"]
[BlackElo "1784"]
[PlyCount "55"]
[EventDate "2016.05.05"]
[EventType "team"]
[EventRounds "5"]
[EventCountry "FRA"]
[WhiteTeam "Montpellier"]
[BlackTeam "Poitiers-Migne"]

1. d4 Nf6 2. Nf3 b6 3. Bf4 Bb7 4. e3 e6 5. Bd3 Be7 6. h3 O-O 7. O-O d6 8. c4
Nbd7 9. Nc3 a6 10. e4 c5 11. e5 dxe5 12. dxe5 Ne8 13. Be4 Qc7 14. Qe2 Rd8 15.
Rad1 g6 16. Bxb7 Qxb7 17. Ne4 Ng7 18. Rd2 Qc7 19. Rfd1 Nb8 20. Nf6+ Kh8 21.
Rxd8 Rxd8 22. Ng5 Rxd1+ 23. Qxd1 Bf8 24. Ngxh7 Qc8 25. Nxf8 Qxf8 26. Qg4 Nf5
27. Qg5 Qg7 28. g4 1-0

[Event "Women Team Championship Preliminaries"]
[Site "Mulhouse"]
[Date "2016.05.07"]
[Round "4.4"]
[White "Gros, Rachel"]
[Black "Haussernot, Cecile"]
[Result "0-1"]
[WhiteElo "1611"]
[BlackElo "2087"]
[PlyCount "56"]
[EventDate "2016.05.05"]
[EventType "team"]
[EventRounds "5"]
[EventCountry "FRA"]
[WhiteTeam "Poitiers-Migne"]
[BlackTeam "Montpellier"]

1. e4 c5 2. Nf3 d6 3. d4 cxd4 4. Nxd4 Nf6 5. Nc3 a6 6. g3 e5 7. Nde2 Be6 8. Bg2
b5 9. a3 Be7 10. O-O O-O 11. h3 Nbd7 12. g4 Nb6 13. Ng3 Qd7 14. Kh2 a5 15. Nd5
Nbxd5 16. exd5 Bxg4 17. hxg4 Nxg4+ 18. Kg1 f5 19. Bh3 Bh4 20. Bd2 Rf6 21. Bxg4
fxg4 22. Qe2 Rf3 23. Kg2 Raf8 24. Be3 Bxg3 25. fxg3 Qf5 26. Bb6 e4 27. Rad1 Qe5
28. Bf2 e3 0-1

[Event "Women Team Championship Preliminaries"]
[Site "Mulhouse"]
[Date "2016.05.07"]
[Round "4.1"]
[White "Guichard, Pauline"]
[Black "Heinemann, Josefine"]
[Result "1-0"]
[WhiteElo "2386"]
[BlackElo "2221"]
[PlyCount "119"]
[EventDate "2016.05.05"]
[EventType "team"]
[EventRounds "5"]
[EventCountry "FRA"]
[WhiteTeam "Bois-Colombes"]
[BlackTeam "Clichy"]

1. c4 g6 2. g3 c5 3. Bg2 Bg7 4. Nc3 Nc6 5. e4 d6 6. Nge2 Nf6 7. O-O O-O 8. d3
Ne8 9. Be3 Nc7 10. d4 cxd4 11. Nxd4 Ne6 12. Nde2 Ne5 13. b3 Ng4 14. Bd2 Nd4 15.
Nxd4 Bxd4 16. h3 Ne5 17. Rc1 Nc6 18. Bh6 Bg7 19. Bxg7 Kxg7 20. Qd2 Qa5 21. Rfd1
Qh5 22. Qe2 Qxe2 23. Nxe2 Rb8 24. f4 h6 25. Kh2 g5 26. Rc3 Rd8 27. Nd4 Nxd4 28.
Rxd4 Bd7 29. Rcd3 Bc6 30. e5 Bxg2 31. Kxg2 Re8 32. exd6 exd6 33. Kf3 gxf4 34.
Kxf4 Re2 35. Rd2 Re1 36. Rxd6 Rf1+ 37. Kg4 Re8 38. R6d4 Re5 39. Kh4 Kg6 40. g4
b5 41. cxb5 Rxb5 42. Rd5 Rxd5 43. Rxd5 Rf6 44. Ra5 a6 45. Kg3 Kg7 46. Rf5 Rc6
47. Kf4 Kf8 48. Ke4 Ke7 49. Kd4 Ke6 50. Rc5 Rd6+ 51. Kc4 Kf6 52. a4 Kg6 53. b4
Re6 54. Rh5 Rc6+ 55. Kd5 Rc3 56. b5 Ra3 57. b6 Rxa4 58. b7 Rb4 59. Kc6 Kg7 60.
Kd6 1-0

[Event "Women Team Championship Preliminaries"]
[Site "Mulhouse"]
[Date "2016.05.07"]
[Round "4.3"]
[White "Congiu, Mathilde"]
[Black "Bonvalot, Isabelle"]
[Result "1-0"]
[WhiteElo "2267"]
[BlackElo "1908"]
[PlyCount "93"]
[EventDate "2016.05.05"]
[EventType "team"]
[EventRounds "5"]
[EventCountry "FRA"]
[WhiteTeam "Bois-Colombes"]
[BlackTeam "Clichy"]

1. e4 g6 2. d4 Bg7 3. Nc3 a6 4. h4 h5 5. Nf3 d6 6. Ng5 Nh6 $146 7. a4 Nc6 8.
Be3 Ng4 9. Bc4 O-O 10. Ne2 Nxe3 11. fxe3 Bg4 12. O-O e6 13. Qe1 Bh6 14. Rf4
Bxg5 15. hxg5 Qxg5 16. Qf2 d5 17. exd5 exd5 18. Ba2 Bxe2 19. Qxe2 Rae8 20. Qf2
Re7 21. Rf1 Nd8 22. Rf3 c6 23. c4 Rd7 24. cxd5 cxd5 25. Rg3 Qh6 26. Qf3 Ne6 27.
Qf6 Qg7 28. Qf3 Qh6 29. Bb1 Kh8 30. Qf6+ Qg7 31. Qh4 Qh6 32. Rf6 Rg8 33. Bf5
Rc7 34. Bxe6 fxe6 35. Rxe6 Rc1+ 36. Kh2 Rc6 37. Qf6+ Kh7 38. Rxc6 bxc6 39. Qxc6
h4 40. Rf3 Qh5 41. Qxa6 Qg4 42. Qb7+ Kh6 43. Qxd5 Rf8 44. Rxf8 Qg3+ 45. Kg1
Qxe3+ 46. Rf2 Qe1+ 47. Rf1 1-0

[Event "Women Team Championship Preliminaries"]
[Site "Mulhouse"]
[Date "2016.05.07"]
[Round "4.4"]
[White "Milroy, Melena"]
[Black "Dacalor, Aurelie"]
[Result "0-1"]
[WhiteElo "1510"]
[BlackElo "2001"]
[PlyCount "58"]
[EventDate "2016.05.05"]
[EventType "team"]
[EventRounds "5"]
[EventCountry "FRA"]
[WhiteTeam "Clichy"]
[BlackTeam "Bois-Colombes"]

1. e4 e5 2. Bc4 Bc5 3. d3 Nf6 4. f4 exf4 5. Bxf4 d5 6. exd5 Nxd5 7. Qe2+ Be6 8.
Bxd5 Qxd5 9. Bxc7 Bxg1 10. Rxg1 Qc5 11. d4 Qxc7 12. d5 Qc5 13. Rf1 Qxd5 14. Nc3
Qa5 15. O-O-O O-O 16. Qe4 Nc6 17. Rf3 Qg5+ 18. Kb1 Qxg2 19. Qe3 Rad8 20. Rg3
Rxd1+ 21. Nxd1 Bxa2+ 22. Kxa2 Qd5+ 23. c4 Qxc4+ 24. Kb1 Rd8 25. Nc3 g6 26. Qe1
Nb4 27. Re3 Kg7 28. h3 a5 29. Re7 Qd3+ 0-1

[Event "Women Team Championship Preliminaries"]
[Site "Mulhouse"]
[Date "2016.05.07"]
[Round "4.1"]
[White "Brunello, Marina"]
[Black "Cramling, Pia"]
[Result "1/2-1/2"]
[WhiteElo "2336"]
[BlackElo "2471"]
[PlyCount "96"]
[EventDate "2016.05.05"]
[EventType "team"]
[EventRounds "5"]
[EventCountry "FRA"]
[WhiteTeam "Villepinte"]
[BlackTeam "Monaco"]

1. e4 c5 2. Nf3 Nc6 3. c3 d5 4. exd5 Qxd5 5. d4 Bf5 6. Na3 e6 7. Be3 Nf6 8.
dxc5 O-O-O 9. b4 Qxd1+ 10. Rxd1 Rxd1+ 11. Kxd1 Ne4 12. Nb1 Nxf2+ 13. Bxf2 Bxb1
14. Bc4 Be7 15. Kc1 Bg6 16. Kb2 Rd8 17. Re1 Bf6 18. Kb3 Bh5 19. Be3 Bxf3 20.
gxf3 Ne7 21. b5 g5 22. a4 Nf5 23. Bf2 Rd2 24. Re2 Rxe2 25. Bxe2 Be5 26. Bg1 Ne7
27. a5 Nd5 28. c4 Nf4 29. Bf1 Kb8 30. c6 bxc6 31. bxc6 Ng6 32. Kb4 a6 33. Bb6
Bxh2 34. c5 Ne7 35. Bxa6 Nxc6+ 36. Ka4 h5 37. Bb5 Na7 38. Be8 g4 39. Bxf7 g3
40. c6 Nxc6 41. Be8 Na7 42. Bxh5 g2 43. f4 Nc8 44. Bc5 g1=Q 45. Bxg1 Bxg1 46.
Bg4 Be3 47. Bxe6 Bxf4 48. Bxc8 Kxc8 1/2-1/2

[Event "Women Team Championship Preliminaries"]
[Site "Mulhouse"]
[Date "2016.05.07"]
[Round "4.2"]
[White "Chung, Mathilde"]
[Black "Bellaiche, Elise"]
[Result "0-1"]
[WhiteElo "2165"]
[BlackElo "2075"]
[PlyCount "70"]
[EventDate "2016.05.05"]
[EventType "team"]
[EventRounds "5"]
[EventCountry "FRA"]
[WhiteTeam "Monaco"]
[BlackTeam "Villepinte"]

1. d4 Nf6 2. c4 e6 3. Nf3 d5 4. Nc3 Bb4 5. Qa4+ Nc6 6. Bg5 O-O 7. e3 h6 8. Bh4
g5 9. Bg3 Ne4 10. Qc2 f5 11. Bd3 Ne7 12. Bxe4 dxe4 13. Ne5 Qe8 14. f4 exf3 15.
gxf3 Bd6 16. O-O-O Bxe5 17. Bxe5 Ng6 18. f4 b6 19. Rhg1 g4 20. h3 h5 21. hxg4
hxg4 22. Rh1 Bb7 23. Rh6 Nxe5 24. dxe5 Kg7 25. Qh2 Rh8 26. Rh4 Qe7 27. Rxh8
Rxh8 28. Qd2 g3 29. Rg1 Rh1 30. Qe1 Rxg1 31. Qxg1 Qh4 32. Ne2 g2 33. Kd2 c5 34.
b3 Bf3 35. e4 fxe4 0-1